000 00427nam a2200157Ia 4500
008 210716s2010 xx 000 0 und d
020 _a9788120339989
041 _aeng
082 _a657.3 FRAL
100 _aFraser, Lyn M; Ormiston, Aileen.
245 _aUnderstanding financial statements.
250 _a9
260 _aNew Delhi
_bPHI Learning private limited.
_c2010
300 _axviii,269
650 _aAccounting(657)
999 _c205360
_d205360